Loading...
Handbook of schemes for technical and management education. /
| Main Author: | |
|---|---|
| Language: | Undetermined |
| Published: |
India :
Mangal Deep publications ,
1998.
|
| Subjects: |
| LEADER | 00556nam a2200157Ia 4500 | ||
|---|---|---|---|
| 001 | 132826 | ||
| 008 | 170722s9999 xx 000 0 und d | ||
| 020 | |a 8175940271 | ||
| 100 | |a Sharma, Sita Ram | ||
| 245 | |a Handbook of schemes for technical and management education. / | ||
| 260 | |a India : |b Mangal Deep publications , |c 1998. | ||
| 300 | |a viii+373 | ||
| 653 | |a Higher Education | ||
| 942 | |c GEN | ||
| 999 | |c 119260 |d 119260 | ||
| 952 | |0 0 |1 0 |4 0 |6 T_48D_2_000000000000000_N8 |7 0 |8 LC1 |9 168726 |a LIB |b LIB |d 2017-08-12 |h LC1 |o T4:8D.2 N8 |p 234369 |r 2017-08-12 |v 700.00 |w 2017-08-12 |y GEN | ||